| 000 | 00574nam a2200229 a 4500 | ||
|---|---|---|---|
| 999 |
_c5329 _d5329 |
||
| 001 | 5329 | ||
| 003 | BD-JhCC | ||
| 005 | 20171212180649.0 | ||
| 008 | 171212s1989 ||||| |||| 00| 0 eng d | ||
| 020 | _a9971639289 | ||
| 035 | _a(BD-JhCC) | ||
| 040 |
_aBD-JhCC _dBD-JhCC |
||
| 041 | _aeng | ||
| 082 |
_a510 _bHON 1989 |
||
| 100 | _aHong, Mooi, Khor | ||
| 245 |
_aNew Additional Mathematics / _cKhor Mooi Hong |
||
| 260 |
_aLondon : _bpan pacific publicans, _c1989 |
||
| 300 |
_a615 p. : _bill. ; _c26cm. |
||
| 650 | _aMathematics | ||
| 942 |
_2ddc _cBK |
||